IMCI : (Record no. 118233)
[ view plain ]
| 000 -LEADER | |
|---|---|
| fixed length control field | 00559nam a2200169Ia 4500 |
| 008 - FIXED-LENGTH DATA ELEMENTS--GENERAL INFORMATION | |
| fixed length control field | 140609s9999 xx 000 0 und d |
| 020 ## - INTERNATIONAL STANDARD BOOK NUMBER | |
| International Standard Book Number | 9789715845465 |
| 050 ## - LIBRARY OF CONGRESS CALL NUMBER | |
| Classification number | RJ 50 |
| Item number | .In8a [2009] |
| 245 ## - TITLE STATEMENT | |
| Title | IMCI : |
| Remainder of title | integrated management of childhood illness. |
| 260 ## - PUBLICATION, DISTRIBUTION, ETC. (IMPRINT) | |
| Place of publication, distribution, etc | Quezon City, Philippines : |
| Name of publisher, distributor, etc | C&E Publishing, Inc., |
| Date of publication, distribution, etc | [c2009?] |
| 300 ## - PHYSICAL DESCRIPTION | |
| Extent | 72 p. : |
| Other physical details | ill. (some col.) ; |
| Dimensions | 22x28 cm. |
| 521 ## - TARGET AUDIENCE NOTE | |
| Target audience note | |
| 650 ## - SUBJECT ADDED ENTRY--TOPICAL TERM | |
| Topical term or geographic name as entry element | Children |
| General subdivision | Diseases -- Handbook, manuals, etc. |
| 650 ## - SUBJECT ADDED ENTRY--TOPICAL TERM | |
| Topical term or geographic name as entry element | Children |
| General subdivision | Diseases -- Philippines. |
| 942 ## - ADDED ENTRY ELEMENTS (KOHA) | |
| Call number prefix | Local |
| Koha item type | Books |
| Withdrawn status | Lost status | Damaged status | Home library | Current library | Shelving location | Date acquired | Total Checkouts | Full call number | Barcode | Date last seen | Price effective from | Koha item type |
|---|---|---|---|---|---|---|---|---|---|---|---|---|
| College Library | College Library | Filipiniana Section | 06/09/2014 | RJ 50 .In8a [2009] | C18521 | 05/08/2018 | 06/09/2014 | Books |